|
|
|
|
| LEADER |
00000nab a2200000 a 4500 |
| 001 |
vtls010328185 |
| 003 |
SK-MaSNL |
| 005 |
20260304041157.0 |
| 008 |
111202c2011 xo wrzp 0 0slo |
| 015 |
|
|
|a SNBRB2011/12
|2 rvgkpd
|
| 038 |
|
|
|a RVGKPD
|
| 040 |
|
|
|a RVGKPD
|b slo
|c RVGKPD
|e AACR2
|
| 041 |
0 |
|
|a slo
|
| 044 |
|
|
|a xo
|c SK
|
| 080 |
|
|
|a 339.146
|x (866)
|2 1997
|
| 080 |
|
|
|a 908
|x (866)
|2 1997
|
| 100 |
1 |
|
|a Horváth, Andrej
|4 aut
|9 868721
|
| 245 |
1 |
0 |
|a Vojna farieb
|b v ekvádorskom mestečku Otavalo sa každú sobotu koná najväčší trh v Južnej Amerike
|c Andrej Horváth
|
| 300 |
|
|
|b Fotogr.
|
| 650 |
0 |
7 |
|a trhy
|2 rvgkpd
|9 2373
|
| 651 |
|
7 |
|a Ekvádor
|2 rvgkpd
|9 16165
|
| 655 |
|
7 |
|a cestopisné reportáže
|2 rvgkpd
|9 70001
|
| 773 |
0 |
|
|t Plus 7 dní
|g Roč. XX, č. 44 (2011), s. 50-56
|x 1210-4040
|
| 852 |
|
|
|a RVGKPD
|b KIS3G
|
| 856 |
4 |
1 |
|u http://plus7dni.pluska.sk/plus7dni/reportaz/vojna-farieb.html
|
| 958 |
|
|
|a EC
|
| 992 |
|
|
|a RBX
|
| 999 |
|
|
|c 2667015
|d 2668945
|